01586nam a2200349Ia 450000500170000000800570001702000180007404100080009208200180010010000190011824501030013725000220024030000630026250000210032550000330034665000270037965000310040665000350043765000340047265000360050670000280054294200120057026400370058233600270061933700330064633800280067904000350070799900150074295201370075795201770089495201650107120220317000401.000003022011 sp ao g spa spa a9788475566924 aspa04a646.727bT67u1 aToselli, Leigh10aUñas bonitasblos secretos de los profesionalescLeigh Toselli ; traducción de Mónica Campos aPrimera edición a254 páginasbilustraciones, fotografías a colorc22 cm aIncluye glosario aIncluye índice analítico142LEMBaBelleza personal142LEMBaManicuraxTécnicas142LEMBaManosxCuidado e higiene142LEMBaPiesxCuidado e higiene142LEMBaUñasxCuidado e higiene1 aCampos, Mónica999674 2ddccBK aBarcelonabOcéanobAmbarc2011 atextobtxt2rdacontent asin mediaciónbn2rdamedia avolumenbnc2rdacarrier aCO-BoRNBPbspaerdacCO-BoRNBP c3889d3889 00102ddc40708GENaMECASARIbMECASARIcGENd2024-11-10l0o646.727 T67U pBM0001468r2024-11-10 10:23:35tEj.1w2024-11-10yBK 00102ddc40708GENaMEMACYARIbMEMACYARIcGENd2025-06-12eministerio de culturaf9788475566924l0o646.727 T67up9788475566924r2025-07-15 10:32:29tEj.1w2025-07-15yBK 00102ddc40708GENaMEMACYARIbMEMACYARIcGENd2025-06-12eministerio de culturafBPM'187l0o646.727 T67upBPM'187r2025-07-15 10:33:39tEj.1w2025-07-15yBK